Countries by navy flag - Americas - Statistics

General Stats
  • This quiz has been taken 38 times
    36 since last reset
  • The average score is 12 of 14
Answer Stats
Picture Answer % Correct
Bahamas
97%
Canada
97%
Jamaica
97%
Peru
97%
Venezuela
97%
Colombia
93%
Trinidad and Tobago
93%
Barbados
90%
Grenada
90%
Barbados
86%
Bolivia
83%
Honduras
83%
Saint Kitts and Nevis
83%
Cuba
52%
No matching quizzes found
Score Distribution
Percent of People with Each Score
Percentile by Number Answered
Your Score History
You have not taken this quiz since the last reset